Annual report CCCB '07
Descripción Física:
166 p. : il. col. ; 29 cm
MARC
| LEADER | 00000nam a2200000Ia 4500 | ||
|---|---|---|---|
| 001 | 20703 | ||
| 008 | 160829s9999 xx 000 0 cat d | ||
| 080 | |a B-2-159 | ||
| 110 | 2 | |a Centre de Cultura Contemporània de Barcelona |9 52510 | |
| 245 | |a Annual report CCCB '07 | ||
| 260 | |a Barcelona : |b el Centre, [2008] | ||
| 300 | |a 166 p. : |b il. col. ; |c 29 cm | ||
| 590 | |a Inclou una selecció de retalls de premsa. | ||
| 590 | |a Hi ha un exemplar de la memòria de 2007 en castellà amb R. 20702 | ||
| 650 | |a Centre de Cultura Contemporània de Barcelona |x Memòries |9 20839 | ||
| 901 | |a Arxiu | ||
| 942 | |n 1 | ||
| 952 | |0 0 |1 0 |4 0 |6 B2159 |7 1 |9 50150 |a Arxiu |b Arxiu |d 2016-12-01 |l 0 |o B-2-159 |p 20703 |r 2016-12-01 00:00:00 |w 2016-12-01 |y ARXIU | ||
| 999 | |c 53992 |d 53992 | ||